000 01357cam a2200217 4500
001 ABS@61468
008 040602n2004 000 0 eng u
035 _a(Sirsi) u126386
245 _aFlash protection
260 _c2004
490 _aPremises and Facilities Management
_vMay 2004, 38(1)
520 _aDescribes the problem of lightning damage to businesses in the context of a new device that prevents accumulation of electrical discharge. The Dissipation Array System (DAS) uses a charge transfer technology centred on a natural phenomenon known as the point discharge principle. The DAS employs this by providing thousands of engineering points with specific point separation which simultaneously produce ions over a large area. This prevents the formation of a streamer which is the precursor of a lightning strike. Thousands of DAS systems have already been installed worldwide in various applications. For more information visit www.lightningeliminators.com.
590 _aABS
590 _aABS
650 _aLIGHTNING PROTECTION
650 _aLIGHTNING
690 _aENVIRONMENT-MANAGEMENT
856 _ahttp://www.lightningeliminators.com
_zView the Lightning Eliminators anbd Consultants Inc website...
856 _ahttp://www.lightningeliminators.com
_zView the Lightning Eliminators anbd Consultants Inc website...
942 _n0
999 _c117454
_d117454